Les plus grandes villes d'Espagne - Statistiques

Statistiques générales
  • Ce quiz a été pris 536 fois
    500 depuis la dernière actualisation
  • Le résultat moyen est 9 sur 15
Statistiques - réponses
Population Villes % Correct
1 660 000 Barcelone
100%
3 332 000 Madrid
100%
684 000 Séville
94%
808 000 Valence
91%
346 000 Bilbao
81%
586 000 Malaga
74%
683 000 Saragosse
60%
349 000 Alicante
44%
423 000 Palma de Majorque
44%
469 000 Murcie
41%
297 000 Valladolid
39%
376 000 Las Palmas de Gran Canaria
38%
324 000 Cordoue
36%
294 000 Vigo
33%
274 000 L'hospitalet de Llobregat
6%
Aucun quiz correspondant
Distribution des résultats
% des personnes avec chaque résultat
Percentile par nombre de réponses
Votre historique - résultats
Vous n’avez pas pris ce quiz depuis la dernière actualisation